UBT Library

Programmable assembly / (Record no. 63)

000 -LEADER
fixed length control field 00848cam a2200241 a 4500
005 - DATE AND TIME OF LATEST TRANSACTION
control field 20131011045050.0
008 - FIXED-LENGTH DATA ELEMENTS--GENERAL INFORMATION
fixed length control field 850220s1984 enka b 000 0 eng d
020 ## - INTERNATIONAL STANDARD BOOK NUMBER
International Standard Book Number 0903608650 (Bedford)
020 ## - INTERNATIONAL STANDARD BOOK NUMBER
International Standard Book Number 3540134794 (Berlin)
020 ## - INTERNATIONAL STANDARD BOOK NUMBER
International Standard Book Number 0387134794 (U.S.)
035 ## - SYSTEM CONTROL NUMBER
System control number (OCoLC)12132863
041 ## - LANGUAGE CODE
Language code of text/sound track or separate title eng
100 ## - Rafti
Rafti Wilfred B. Heginbotham.
245 00 - TITLE STATEMENT
Title Programmable assembly /
Statement of responsibility, etc edited by Wilfred B. Heginbotham.
260 ## -
-- Bedford, England :
-- IFS (Publications) ;
-- Berlin ;
-- New York :
-- Springer-Verlag,
-- c1984.
300 ## -
-- 349 f. :
-- me il.;
-- 24 cm.
490 1# -
-- International trends in manufacturing technology
504 ## - BIBLIOGRAPHY, ETC. NOTE
Bibliography, etc Referenca biografike 342 f.:
650 #0 -
-- Makinat e montuara
-- Kontrolli automatik
700 1# -
-- Heginbotham, Wilfred B.
830 #0 -
-- International trends in manufacturing technology.
942 ## - ADDED ENTRY ELEMENTS (KOHA)
Source of classification or shelving scheme
Item type Books
Holdings
Withdrawn status Lost status Source of classification or shelving scheme Damaged status Not for loan Collection code Permanent location Current location Shelving location Date acquired Total Checkouts Full call number Barcode Date last seen Koha item type
          Koleksioni i përgjithshem UBT - Prishtine UBT - Prishtine Koleksioni i përgjithshem 10/09/2013   007:658.51 HEG 001-000055 10/09/2013 Books
UBT Library © 2015-2024. All rights reserved University Education for Business and Technology